The Digital Performance and Competitiveness of Public Sector Institutions in Southeast Asia

Táto práca skúma digitálnu výkonnosť a konkurencieschopnosť inštitúcií verejného sektora v juhovýchodnej Ázii, regióne charakterizovanom ekonomickou dynamikou a rastúcim globálnym významom. Vychádzajúc z inštitucionálnej teórie a teórie digitálnej difúzie, práca hodnotí digitálnu správu vecí verejný...

Full description

Saved in:
Bibliographic Details
Main Author: Čaplánová, Anetta, 1967-
Other Authors: Dimeli, Sofia, 1953-
Format: Book Chapter
Language:English
Subjects:
Tags: Add Tag
No Tags, Be the first to tag this record!

MARC

LEADER 00000naa a2200000 4500
001 0311332
005 20251014134154.8
041 0 |a eng 
044 |a CZ 
245 1 0 |a The Digital Performance and Competitiveness of Public Sector Institutions in Southeast Asia  |c Anetta Čaplánová, Sofia Dimeli 
520 |a Táto práca skúma digitálnu výkonnosť a konkurencieschopnosť inštitúcií verejného sektora v juhovýchodnej Ázii, regióne charakterizovanom ekonomickou dynamikou a rastúcim globálnym významom. Vychádzajúc z inštitucionálnej teórie a teórie digitálnej difúzie, práca hodnotí digitálnu správu vecí verejných pomocou medzinárodne uznávaných indexov. Ekonometrická analýza, ktorá využíva panelové údaje z rokov 2003 až 2022, identifikuje inštitucionálnu kvalitu a demografické faktory ako kľúčové faktory ovplyvňujúce výkonnosť elektronickej verejnej správy v regióne. 
610 2 0 |a digitalizácia 
610 2 0 |a konkurencieschopnosť 
610 2 0 |a Ázia 
610 2 0 |a analýza ekonometrická 
100 1 |a Čaplánová, Anetta, 1967- 
700 1 |a Dimeli, Sofia, 1953-